Statistics for South Park - Minorities - Lyrics

Click here to take the quiz!

General Stats

  • This quiz has been taken 19 times
  • The average score is 126 of 232

Answer Stats

Answer% Correct
I
100%
minorities
100%
The
100%
the
100%
a
93%
in
93%
park
93%
water
93%
What
93%
what
93%
are
86%
my
86%
there
86%
There
86%
It
79%
it
79%
and
71%
And
71%
many
71%
me
71%
to
71%
be
64%
Black
64%
do
64%
has
64%
is
64%
just
64%
Just
64%
on
64%
so
64%
this
64%
at
57%
go
57%
happened
57%
lazy
57%
native
57%
people
57%
all
50%
anymore
50%
Asians
50%
don't
50%
even
50%
lazier
50%
Mexicans
50%
one
50%
place
50%
place?
50%
recognise
50%
river
50%
too
50%
Americans
43%
been
43%
down
43%
English!
43%
gross
43%
minute
43%
never
43%
of
43%
saw
43%
slide
43%
Spanish
43%
there's
43%
used
43%
Why
43%
40
36%
for?
36%
for
36%
fun
36%
get
36%
God
36%
i'm
36%
instructions
36%
land
36%
line
36%
no
36%
out
36%
please
36%
ride!
36%
these
36%
they
36%
think
36%
asking
29%
away
29%
but
29%
coming
29%
dream
29%
it's
29%
keep
29%
our
29%
police
29%
special
29%
taken
29%
they've
29%
was
29%
zip
29%
alone?
21%
around
21%
can't
21%
come
21%
crazier
21%
dead
21%
did
21%
from?
21%
leave
21%
life
21%
like
21%
lines
21%
living
21%
long
21%
sit
21%
tell
21%
tragedy
21%
tried
21%
we
21%
where
21%
worth
21%
dying
14%
gone
14%
heart
14%
hole
14%
priorities
14%
such
14%
bit
7%
feel
7%
getting
7%
looked
7%
other
7%
way
7%
anywhere
0%
authorites
0%
change
0%
got
0%
we've
0%

Score Distribution

Percentile by Number Answered

Percent of People with Each Score

Your Score History

You have not taken this quiz